Psychology and the teacher /

Psychology and education. The nervous system. Human motivation. Attention and perception. Learning theory and practice. Learning and memory. Concept formation and cognitive development. Language and thought...

Wedi'i Gadw mewn:
Manylion Llyfryddiaeth
Prif Awdur: Child, Dennis.
Fformat: Llyfr
Iaith:English
Cyhoeddwyd: London : Cassell, 1997.
Rhifyn:6th ed.
Pynciau:
Tagiau: Ychwanegu Tag
Dim Tagiau, Byddwch y cyntaf i dagio'r cofnod hwn!
Thư viện lưu trữ: Mạng thư viện Đại học Đà Nẵng
LEADER 01167cam a2200385 i 4500
001 000047664
003 7355
005 20030313143753.0
008 010319|1997 vm 000 eng
020 |a 0304700622 
040 |a IRC  |c IRC  |d IRC 
041 0 |a eng 
082 1 4 |a 370.15  |b CH-D 
100 1 |a Child, Dennis. 
245 0 0 |a Psychology and the teacher /  |c Dennis Child. 
250 |a 6th ed. 
260 |a London :  |b Cassell,  |c 1997. 
300 |a xviii, 473 p. :  |b ill. ;  |c 24.5cm. 
520 3 |a Psychology and education. The nervous system. Human motivation. Attention and perception. Learning theory and practice. Learning and memory. Concept formation and cognitive development. Language and thought... 
630 0 4 |a Education. 
630 0 4 |a Psychology. 
630 0 4 |a Child psychology. 
650 0 4 |a Child psychology. 
650 0 4 |a Learning, Psychology of. 
650 0 4 |a Psychology  |x Study and teaching. 
OWN |a DUT 
999 |a From the UDN01 
TYP |a Monograph 
TYP |a Printed language 
980 |a Mạng thư viện Đại học Đà Nẵng